[Event "Titled Tue 10th Jun Late"]
[Site "chess.com INT"]
[Date "2025.06.10"]
[Round "6"]
[White "Vazelakis, Dimitrios"]
[Black "Goldbeck, Lars"]
[Result "0-1"]
[BlackTitle "FM"]
[WhiteElo "1857"]
[BlackElo "2391"]
[WhiteFideId "4203674"]
[BlackFideId "16208188"]
[EventDate "2025.06.10"]

1. d4 d5 2. Nc3 Nf6 3. Bf4 e6 4. Nb5 Na6 5. e3 c6 6. Nc3 Be7 7. Bxa6 bxa6 8. Nf3
O-O 9. O-O c5 10. dxc5 Bxc5 11. Ne5 Bb7 12. Re1 Rc8 13. a3 Nd7 14. Qg4 Nf6 15.
Qh4 Be7 16. Qh3 Rc4 17. Nxc4 dxc4 18. Rad1 Qb6 19. Rb1 Qc6 20. Red1 Rc8 21. Ne2
Qc5 22. Bg3 Ne4 23. Nd4 Bf6 24. c3 Ng5 25. Qg4 h5 26. Qe2 Ne4 27. Nf3 Qc6 28.
Ne1 h4 29. Bd6 Nxd6 30. e4 Nxe4 31. f3 Nc5 32. Rd2 Qb6 33. Kh1 Nb3 34. Rd7 Qc6
35. Rdd1 Nc5 36. Nc2 Nd7 37. Nd4 Bxd4 38. Rxd4 Nf6 39. Rbd1 Nd5 40. Qe4 Nf6 41.
Qxh4 Qc5 42. Rf4 Qh5 0-1

[Event "Titled Tue 10th Jun Late"]
[Site "chess.com INT"]
[Date "2025.06.10"]
[Round "6"]
[White "Banerjee, Supratit"]
[Black "Brancaleoni, Maurizio"]
[Result "0-1"]
[WhiteTitle "FM"]
[BlackTitle "FM"]
[WhiteElo "2311"]
[BlackElo "2185"]
[WhiteFideId "2410079"]
[BlackFideId "803022"]
[EventDate "2025.06.10"]

1. e4 c6 2. d4 d5 3. e5 c5 4. Nf3 Bg4 5. dxc5 e6 6. Be2 Nc6 7. O-O Bxc5 8. Bf4
Bxf3 9. Bxf3 Nge7 10. Re1 Qb6 11. Qd2 Ng6 12. Bg3 Bd4 13. Nc3 Qxb2 14. Ne2 Bb6
15. Reb1 Qa3 16. Qg5 Qe7 17. Qh5 O-O 18. h4 Nd4 19. Nxd4 Bxd4 20. Rd1 Bxa1 21.
Rxa1 Rac8 22. Qg4 Rc4 23. Qh3 Rxh4 24. Bxh4 Qxh4 25. Qxh4 Nxh4 26. Be2 Rc8 27.
Bd3 Ng6 28. Re1 Kf8 29. g3 Ke7 30. f4 b6 31. Kf2 Nf8 32. Ke3 h5 33. a4 Rc5 34.
Rh1 g6 35. Ra1 Nd7 36. Rg1 Ra5 37. g4 hxg4 38. Rxg4 Rxa4 39. Rh4 Nc5 40. Be2
Re4+ 41. Kf3 g5 42. Rh8 Rxf4+ 43. Kg2 Re4 44. Bh5 Rh4 45. Ra8 Rxh5 46. Rxa7+ Kf8
47. Kg3 Rh4 48. Ra8+ Kg7 49. Ra7 Rc4 50. Ra8 Rxc2 51. Rb8 Rc3+ 52. Kg2 Rc2+ 53.
Kg3 Ne4+ 54. Kf3 Rc3+ 55. Kg2 Rg3+ 56. Kh2 Rb3 57. Kg2 g4 58. Rb7 Rb2+ 59. Kg1
Ng5 0-1

[Event "Titled Tue 10th Jun Late"]
[Site "chess.com INT"]
[Date "2025.06.10"]
[Round "6"]
[White "Marino Bravo, Miguel Angel"]
[Black "Cuellar Montes, Alejandro"]
[Result "1-0"]
[WhiteTitle "CM"]
[BlackTitle "CM"]
[WhiteElo "2134"]
[BlackElo "2173"]
[WhiteFideId "2208970"]
[BlackFideId "32096836"]
[EventDate "2025.06.10"]

1. d4 Nf6 2. Bf4 d5 3. e3 e6 4. Nf3 Bd6 5. Ne5 O-O 6. Bd3 c5 7. c3 b6 8. Nd2 Bb7
9. O-O Nc6 10. Bg3 Ne7 11. f4 Nf5 12. Bf2 Be7 13. g4 Nd6 14. Qf3 Nfe4 15. Qe2 f6
16. Nef3 a5 17. a4 Bc6 18. Kh1 Qd7 19. Bc2 Nxf2+ 20. Qxf2 Ne4 21. Nxe4 dxe4 22.
Nd2 f5 23. gxf5 exf5 24. Nc4 Qc7 25. Ne5 Bd5 26. Rg1 Rac8 27. Qg2 Bf6 28. Bd1
cxd4 29. cxd4 Qe7 30. Ra3 Qb4 31. Nd7 g6 32. Nxf8 Kxf8 33. Qe2 Bc4 34. Qe1 Qxb2
35. Qc3 Qf2 36. Qc2 Qxc2 37. Bxc2 Be7 38. Raa1 Be2 39. Bd1 Bd3 40. Bb3 Rc3 41.
Bd1 Kg7 42. Kg2 Bh4 43. Ra2 Kf6 44. Rb2 Rc6 45. Be2 Bc4 46. Bxc4 Rxc4 47. Rxb6+
Kg7 48. Rb2 Rc3 49. Rgb1 Rxe3 50. Rb7+ Kh6 51. R1b2 Bf6 52. Rd7 1-0

[Event "Titled Tue 10th Jun Late"]
[Site "chess.com INT"]
[Date "2025.06.10"]
[Round "6"]
[White "Ragger, Markus"]
[Black "Pajcin, Lav"]
[Result "1-0"]
[WhiteTitle "GM"]
[BlackTitle "FM"]
[WhiteElo "2566"]
[BlackElo "2281"]
[WhiteFideId "1610856"]
[BlackFideId "966746"]
[EventDate "2025.06.10"]

1. d4 Nf6 2. c4 e6 3. Nf3 d5 4. g3 Be7 5. Bg2 O-O 6. O-O dxc4 7. Qc2 a6 8. a4
Bd7 9. Qxc4 Bc6 10. Bg5 Nbd7 11. Rd1 a5 12. Nbd2 h6 13. Bxf6 Nxf6 14. Ne5 Bxg2
15. Kxg2 c6 16. h4 Qb6 17. Ndf3 Rad8 18. Rd2 Bb4 19. Rc2 Rfe8 20. Rd1 Qc7 21. g4
Nd5 22. e3 Nb6 23. Qb3 f6 24. Nd3 Nd5 25. Nc5 Qf7 26. Qd3 e5 27. dxe5 Nf4+ 28.
exf4 Rxd3 29. Nxd3 fxe5 30. Nfxe5 Qd5+ 31. f3 Qb3 32. Rcc1 Qxa4 33. h5 Bd6 34.
Re1 Qa2 35. Re2 a4 36. Rce1 a3 37. bxa3 Qxa3 38. Nf2 c5 39. Ng6 Rd8 40. Re6 Qa4
41. f5 Qd7 42. Ne4 Bc7 43. Re2 b6 44. Rd2 Qc8 45. Ne7+ Kf7 46. Nxc8 Rxc8 47.
Rd7+ 1-0

[Event "Titled Tue 10th Jun Late"]
[Site "chess.com INT"]
[Date "2025.06.10"]
[Round "6"]
[White "Ahmad, Al Khatib"]
[Black "Bacus, Dharim"]
[Result "1/2-1/2"]
[WhiteTitle "GM"]
[BlackTitle "FM"]
[WhiteElo "2172"]
[BlackElo "2131"]
[WhiteFideId "8103178"]
[BlackFideId "5201527"]
[EventDate "2025.06.10"]

1. d4 d5 2. Nc3 Nf6 3. Bf4 e6 4. Nb5 Na6 5. e3 c6 6. Nc3 Qa5 7. Bd3 c5 8. Bb5+
Bd7 9. Bxd7+ Nxd7 10. Nf3 Qb4 11. Rb1 cxd4 12. exd4 Qc4 13. Qe2 Nb6 14. O-O Bb4
15. Qxc4 Nxc4 16. Nb5 O-O 17. c3 Be7 18. Ne1 Rfd8 19. Nd3 Nd6 20. Nxd6 Bxd6 21.
Bxd6 Rxd6 22. a3 Nb8 23. f4 g6 24. g4 Nd7 25. g5 Rf8 26. Kg2 f6 27. h4 Kg7 28.
Rbe1 h6 29. Kg3 Nb6 30. Rf2 Nc4 31. Rfe2 fxg5 32. hxg5 hxg5 33. fxg5 Rf5 34. Kg4
Kf7 35. Rh1 Kg7 36. Rh3 e5 37. dxe5 Re6 38. Rf3 Nxe5+ 39. Nxe5 Rexe5 40. Rxe5
Rxe5 41. Rf2 a5 42. Rd2 Kf7 43. Rf2+ Kg7 44. Rd2 b5 45. Kf4 Re4+ 46. Kf3 Re5 47.
Kf4 Re4+ 48. Kf3 Re5 49. Kf4 1/2-1/2

[Event "Titled Tue 10th Jun Late"]
[Site "chess.com INT"]
[Date "2025.06.10"]
[Round "6"]
[White "Rajaram, Rohan"]
[Black "Anandh, Vijay Srinivas"]
[Result "1-0"]
[WhiteTitle "CM"]
[WhiteElo "2164"]
[BlackElo "2011"]
[WhiteFideId "30940729"]
[BlackFideId "30975794"]
[EventDate "2025.06.10"]

1. d4 Nf6 2. c4 e6 3. Nc3 Bb4 4. Qc2 d5 5. Nf3 O-O 6. a3 Be7 7. h3 c6 8. e4 dxe4
9. Nxe4 Nxe4 10. Qxe4 Nd7 11. Be2 Nf6 12. Qc2 b6 13. O-O Bb7 14. Bg5 h6 15. Bf4
Bd6 16. Ne5 Qc7 17. Bf3 Rab8 18. Rad1 Rfd8 19. b4 c5 20. Bxb7 Rxb7 21. dxc5 bxc5
22. bxc5 Qxc5 23. Qd3 Be7 24. Qf3 Rxd1 25. Rxd1 Rb2 26. Nd3 Qxa3 27. Nxb2 Qxb2
28. Qa8+ Kh7 29. Qxa7 Ne4 30. Qd4 Qe2 31. Be3 f5 32. Qd3 Qa2 33. Qd7 Bh4 34.
Qxe6 Bxf2+ 35. Kh1 Ng3+ 36. Kh2 Bxe3 37. Qxe3 Ne4 38. Qf4 Qa5 39. Rd5 Qe1 40.
Qxf5+ g6 41. Rd7+ Kg8 42. Qf7+ Kh8 43. Qf8# 1-0

[Event "Titled Tue 10th Jun Late"]
[Site "chess.com INT"]
[Date "2025.06.10"]
[Round "6"]
[White "Haddouche, Mohamed"]
[Black "Przybylski, Bartosz"]
[Result "1-0"]
[WhiteTitle "GM"]
[BlackTitle "CM"]
[WhiteElo "2490"]
[BlackElo "2101"]
[WhiteFideId "7900660"]
[BlackFideId "21878323"]
[EventDate "2025.06.10"]

1. e4 d6 2. d4 Nf6 3. Nc3 e5 4. Nf3 Nbd7 5. Bc4 Be7 6. O-O O-O 7. a4 c6 8. Ba2
h6 9. Re1 Re8 10. h3 a5 11. Be3 exd4 12. Nxd4 Bf8 13. Bf4 Nc5 14. Qf3 Ne6 15.
Nxe6 Bxe6 16. Rad1 Bxa2 17. Nxa2 Qb6 18. b3 d5 19. exd5 Nxd5 20. Bd2 Rad8 21. c4
Nb4 22. Nxb4 Bxb4 23. Rxe8+ Rxe8 24. Bxb4 Qxb4 25. Rd7 Qe1+ 26. Kh2 Re7 27. Rd8+
Kh7 28. Qf5+ g6 29. Qf6 Qe5+ 30. Qxe5 Rxe5 31. Rd7 b5 32. cxb5 cxb5 33. Rxf7+
Kg8 34. Ra7 bxa4 35. bxa4 Rf5 36. Kg3 Rg5+ 37. Kh2 Rf5 38. f3 h5 39. Kg3 Rg5+
40. Kf2 Re5 41. h4 Kf8 42. Kg3 Rf5 43. Kh3 Kg8 44. Kg3 Kf8 45. Rb7 Rf6 46. Rb5
Ra6 47. Kf4 Ra7 48. Rb6 Kf7 49. Kg5 Rc7 50. Rf6+ Ke7 51. Rxg6 Rc4 52. Kxh5 Rxa4
53. Ra6 Ra2 54. g4 a4 55. f4 a3 56. f5 Kf7 57. Kg5 Ra1 58. Ra7+ Ke8 59. Kf6 a2
60. g5 Rh1 61. Rxa2 Rxh4 62. g6 Rg4 63. g7 Kd7 64. Ra8 1-0

[Event "Titled Tue 10th Jun Late"]
[Site "chess.com INT"]
[Date "2025.06.10"]
[Round "6"]
[White "Ozen, Batuhan"]
[Black "Paszewski, Mateusz"]
[Result "0-1"]
[WhiteTitle "CM"]
[BlackTitle "FM"]
[WhiteElo "2128"]
[BlackElo "2361"]
[WhiteFideId "6345123"]
[BlackFideId "1141058"]
[EventDate "2025.06.10"]

1. d4 d5 2. Nf3 Nf6 3. g3 Bf5 4. Bg2 e6 5. O-O h6 6. c4 c6 7. Nc3 Be7 8. Ne5 O-O
9. b3 Nbd7 10. Nxd7 Qxd7 11. Bb2 Rad8 12. Re1 dxc4 13. e4 Bg6 14. e5 Nh7 15.
bxc4 Qxd4 16. Qxd4 Rxd4 17. Nd5 Rxd5 18. cxd5 cxd5 19. Bd4 b6 20. f4 Bc5 21. Bf2
Rc8 22. Rec1 f6 23. Bh3 Kf7 24. Re1 Be4 25. Bxc5 bxc5 26. Bg2 Bxg2 27. Kxg2 fxe5
28. fxe5 Ng5 29. Rab1 Rc7 30. Rf1+ Kg6 31. Rb8 c4 32. h4 Ne4 33. Re8 Rc6 34. Re7
Ra6 35. Rff7 Rxa2+ 36. Kg1 h5 37. Rxg7+ Kf5 38. Rxa7 Rd2 39. g4+ hxg4 40. Raf7+
Kxe5 41. h5 c3 42. Rc7 c2 43. Rxc2 Rxc2 44. h6 Nf6 45. h7 Nxh7 46. Rxh7 Kf4 0-1

[Event "Titled Tue 10th Jun Late"]
[Site "chess.com INT"]
[Date "2025.06.10"]
[Round "6"]
[White "Ferreira, Vitor Hugo Vieira"]
[Black "Guha, Eshan"]
[Result "0-1"]
[WhiteElo "2128"]
[BlackElo "2071"]
[WhiteFideId "2119765"]
[BlackFideId "30958628"]
[EventDate "2025.06.10"]

1. e4 c6 2. d4 d5 3. exd5 cxd5 4. Bd3 Nf6 5. c3 Bg4 6. Ne2 e6 7. O-O Bd6 8. Qe1
O-O 9. f3 Bh5 10. Qh4 Bg6 11. Bxg6 hxg6 12. Bg5 Nc6 13. Nd2 Be7 14. f4 Ne4 15.
Nf3 f6 16. Qg4 fxg5 17. Qxe6+ Kh7 18. Qh3+ Kg8 19. Qe6+ Rf7 20. fxg5 Qd6 21. Qg4
Raf8 22. g3 Rf5 23. Nf4 Nxg5 24. Nh4 Rxf4 25. gxf4 Rxf4 26. Rxf4 Qxf4 27. Qxf4
Nh3+ 28. Kf1 Nxf4 29. Ng2 Nd3 30. b3 Bg5 31. h4 Bh6 32. Ke2 Nf4+ 33. Nxf4 Bxf4
34. Rg1 Kh7 35. Kd3 Kh6 36. a3 Kh5 37. c4 Ne7 38. Re1 Nf5 39. cxd5 Kxh4 40. Re6
g5 41. Ke4 Nd6+ 42. Kf3 Nb5 43. Ke4 Kg3 44. a4 Nd6+ 45. Kd3 g4 46. Rg6 Kf3 47.
Rxg7 g3 0-1

[Event "Titled Tue 10th Jun Late"]
[Site "chess.com INT"]
[Date "2025.06.10"]
[Round "6"]
[White "Mekhitarian, Krikor Sevag"]
[Black "Urbina Perez, Juan Antonio"]
[Result "1-0"]
[WhiteTitle "GM"]
[BlackTitle "FM"]
[WhiteElo "2564"]
[BlackElo "2221"]
[WhiteFideId "2107660"]
[BlackFideId "2217368"]
[EventDate "2025.06.10"]

1. Nf3 d5 2. c4 e6 3. d4 Nf6 4. Nc3 a6 5. cxd5 exd5 6. Bf4 Bd6 7. Bxd6 Qxd6 8.
e3 Bg4 9. Qb3 Ra7 10. Ne5 Be6 11. Bd3 c5 12. Qa3 O-O 13. Qxc5 Qxc5 14. dxc5 Rc8
15. Na4 Nbd7 16. Nxd7 Bxd7 17. Nb6 Rxc5 18. Nxd7 Nxd7 19. Kd2 b5 20. Rhc1 Rac7
21. Rxc5 Rxc5 22. a4 bxa4 23. Bxa6 Ra5 24. Bd3 Nc5 25. Bc2 Ra6 26. Kc3 Kf8 27.
Kd4 Ne6+ 28. Kxd5 Rb6 29. Ra2 Rb8 30. Kc4 Rc8+ 31. Kd3 Nc5+ 32. Kd2 Rb8 33. Kc1
Rb4 34. Ra3 Ke7 35. Rc3 Kd6 36. g3 h6 37. h4 f6 38. Kb1 Nd7 39. Ka2 Nc5 40. Ka3
Rb6 41. Rc4 Kd5 42. Rd4+ Ke5 43. Bxa4 Ne4 44. f4+ Kf5 45. Bc2 Re6 46. b4 h5 47.
b5 1-0

[Event "Titled Tue 10th Jun Late"]
[Site "chess.com INT"]
[Date "2025.06.10"]
[Round "6"]
[White "Garcia, Angie"]
[Black "Hernandez Bonilla, Amelia"]
[Result "1-0"]
[WhiteTitle "WIM"]
[BlackTitle "WFM"]
[WhiteElo "1996"]
[BlackElo "1976"]
[WhiteFideId "6702503"]
[BlackFideId "3900193"]
[EventDate "2025.06.10"]

1. e4 c5 2. Nf3 d6 3. Bb5+ Nd7 4. O-O Nf6 5. Re1 a6 6. Bf1 g6 7. c3 Bg7 8. d4
cxd4 9. cxd4 O-O 10. Nc3 b5 11. e5 dxe5 12. dxe5 Ng4 13. e6 fxe6 14. Rxe6 Bb7
15. Be2 Nde5 16. Nxe5 Nxe5 17. Bg5 b4 18. Qb3 Kh8 19. Bxe7 Qd4 20. Bxf8 Rxf8 21.
Nd1 Bd5 22. Qe3 Qxe3 23. Nxe3 Bxe6 24. Rd1 h6 25. h3 a5 26. b3 Rc8 27. Rd6 Bf7
28. f4 Nc6 29. Nc4 Nd4 30. Bd3 Kh7 31. Ne5 Be8 32. Rxd4 Rc1+ 33. Kh2 Re1 34. Rd6
Bxe5 35. fxe5 Rxe5 36. Bc4 Kg7 37. Ra6 h5 38. Ra7+ Kf6 39. Ra6+ Kg5 40. Kg3 Re3+
41. Kf2 Re7 42. Rxa5+ Kf4 43. Ra6 g5 44. g3+ Ke4 45. Re6+ Rxe6 46. Bxe6 1-0

[Event "Titled Tue 10th Jun Late"]
[Site "chess.com INT"]
[Date "2025.06.10"]
[Round "6"]
[White "Araujo Filho, Luiz Antonio Coel"]
[Black "Diaz Cesar, Wilsaida Pieranlly"]
[Result "1-0"]
[BlackTitle "WFM"]
[WhiteElo "2077"]
[BlackElo "1890"]
[WhiteFideId "2130661"]
[BlackFideId "6403557"]
[EventDate "2025.06.10"]

1. d4 Nf6 2. Nf3 d5 3. e3 Bf5 4. Bd3 Bxd3 5. Qxd3 e6 6. Qb5+ Nbd7 7. Qxb7 Bd6 8.
O-O O-O 9. Qa6 Qe7 10. c4 dxc4 11. Qxc4 Nb6 12. Qe2 c5 13. dxc5 Bxc5 14. b3 Rfd8
15. Bb2 Rac8 16. Nc3 Bb4 17. Rac1 Bxc3 18. Rxc3 Rxc3 19. Bxc3 Nbd5 20. Bd4 Rc8
21. h3 Qa3 22. Qb5 Qxa2 23. Ra1 Qc2 24. Rxa7 Ne4 25. Qf1 Qxb3 26. Kh2 Ndc3 27.
Ne5 Nd1 28. Rxf7 Qc2 29. Qa6 Ndxf2 30. Qxe6 Kh8 31. Rxg7 Kxg7 32. Ng4+ Kf8 33.
Qf5+ Ke8 34. Qe6+ Kd8 35. Bb6+ Rc7 36. Qd5+ Kc8 37. Bxc7 Kxc7 38. Ne5 Kb6 39.
Nc4+ Kc7 40. Ne5 Kb6 41. Nc4+ Ka7 42. Qb5 Qa2 43. Na5 Qe6 44. Nc6+ Ka8 45. Qb8# 1-0

[Event "Titled Tue 10th Jun Late"]
[Site "chess.com INT"]
[Date "2025.06.10"]
[Round "6"]
[White "Yushko, Olga"]
[Black "Azamikia, Mehran"]
[Result "0-1"]
[WhiteTitle "WFM"]
[BlackTitle "CM"]
[WhiteElo "2033"]
[BlackElo "2130"]
[WhiteFideId "14114500"]
[BlackFideId "12502502"]
[EventDate "2025.06.10"]

1. d4 Nf6 2. c4 e6 3. Nc3 b6 4. f3 Bb7 5. e4 d5 6. cxd5 exd5 7. e5 Nfd7 8. Bd3
c5 9. f4 Nc6 10. Nf3 Be7 11. O-O Nxd4 12. Nxd4 cxd4 13. Nb5 O-O 14. Nxd4 Nc5 15.
Bc2 Ne4 16. Be3 Bc5 17. Nf5 Bxe3+ 18. Nxe3 f5 19. Bb3 Kh8 20. Nxd5 Rc8 21. e6
Bxd5 22. Bxd5 Qf6 23. Bxe4 fxe4 24. f5 Rc5 25. Qh5 g6 26. Qh6 Rxf5 27. Rxf5 Qxf5
28. Qe3 Qxe6 29. Qd4+ Kg8 30. Re1 Re8 31. Qe3 Qxa2 32. b3 Qb2 33. h4 Qe5 34. b4
a5 35. Qxb6 a4 36. Qa6 Qg3 37. Re2 a3 38. Qc4+ Kg7 39. Rxe4 Rf8 40. Re7+ Kh6 41.
Qc1+ Rf4 42. Re4 Qf2+ 43. Kh2 Qxh4+ 44. Kg1 Qf2+ 45. Kh2 g5 46. Rxf4 Qxf4+ 0-1

[Event "Titled Tue 10th Jun Late"]
[Site "chess.com INT"]
[Date "2025.06.10"]
[Round "6"]
[White "Saez Coma, Alejandro"]
[Black "Sarkar, Justin"]
[Result "1-0"]
[WhiteTitle "CM"]
[BlackTitle "IM"]
[WhiteElo "2167"]
[BlackElo "2284"]
[WhiteFideId "32004818"]
[BlackFideId "2010011"]
[EventDate "2025.06.10"]

1. d4 Nf6 2. Nf3 d5 3. Bf4 c5 4. e3 Nc6 5. c3 Qb6 6. Qb3 c4 7. Qc2 Bf5 8. Qc1
Qa5 9. Nbd2 b5 10. a3 h6 11. Be2 e6 12. Bd1 Nh5 13. Bg3 Nxg3 14. hxg3 Be7 15.
Bc2 Bxc2 16. Qxc2 f5 17. Ne5 Nxe5 18. dxe5 b4 19. O-O bxc3 20. bxc3 O-O 21. Rfb1
Rab8 22. a4 Rb6 23. Nf3 Rfb8 24. Nd4 Rxb1+ 25. Rxb1 Rxb1+ 26. Qxb1 Qxc3 27. Nxe6
Qxe5 28. Nd4 Qe4 29. Qb8+ Kf7 30. Qc8 Bf6 31. Nxf5 Qe6 32. Qc7+ Kg8 33. g4 c3
34. f3 d4 35. exd4 Bxd4+ 36. Nxd4 Qe3+ 37. Kh2 Qxd4 38. Qc8+ Kf7 39. Qf5+ Qf6
40. Qd5+ Kf8 41. Qc5+ Kf7 42. Qc7+ Kf8 43. Qc8+ Kf7 44. Qc4+ Kf8 45. Kg3 Qe5+
46. f4 Qe3+ 47. Kh4 Qf2+ 48. Kh5 Qxg2 49. Qc8+ Kf7 50. Qd7+ Kf8 51. Qd8+ Kf7 52.
Qd7+ Kf8 53. Qf5+ Ke7 54. Qe5+ 1-0

[Event "Titled Tue 10th Jun Late"]
[Site "chess.com INT"]
[Date "2025.06.10"]
[Round "6"]
[White "Davtyan, Artur"]
[Black "Mitrabha, Guha"]
[Result "0-1"]
[WhiteTitle "IM"]
[BlackTitle "GM"]
[WhiteElo "2472"]
[BlackElo "2515"]
[WhiteFideId "13308327"]
[BlackFideId "5057000"]
[EventDate "2025.06.10"]

1. d4 Nf6 2. c4 e6 3. Nc3 c5 4. d5 d6 5. e4 g6 6. Bd3 Bg7 7. h3 O-O 8. Nf3 exd5
9. cxd5 b5 10. Nxb5 Nxe4 11. O-O Ba6 12. a4 Nf6 13. Bf4 Bxb5 14. Bxb5 Qc7 15.
Re1 a6 16. Bc4 Nbd7 17. a5 Rfe8 18. Rxe8+ Nxe8 19. Ra2 Ne5 20. Nd2 Qb7 21. b3
Nc7 22. Ne4 Rd8 23. Re2 Nb5 24. Nxc5 Qa7 25. Na4 h6 26. Be3 Qb7 27. Bb6 Rc8 28.
Bxb5 axb5 29. Nb2 Nd7 30. Re7 Bf6 31. Rxd7 Qxd7 32. Nd3 Qb7 33. Nb4 Bc3 34. Nc6
Re8 35. Qd3 b4 36. g3 h5 37. Kg2 Re1 38. Qb5 Ra1 39. Qe2 Qa8 40. Qe7 Re1 41.
Qxd6 Qa6 42. Ne7+ Kh7 43. Qf4 Qf1+ 44. Kf3 Qh1# 0-1

[Event "Titled Tue 10th Jun Late"]
[Site "chess.com INT"]
[Date "2025.06.10"]
[Round "6"]
[White "Hadzovic, Amir"]
[Black "Shuvalova, Polina"]
[Result "1-0"]
[WhiteTitle "FM"]
[BlackTitle "IM"]
[WhiteElo "2354"]
[BlackElo "2480"]
[WhiteFideId "14402300"]
[BlackFideId "24171760"]
[EventDate "2025.06.10"]

1. e4 c6 2. Nf3 d5 3. d3 Nd7 4. e5 Nb6 5. d4 Bg4 6. Be2 e6 7. O-O a6 8. a4 c5 9.
a5 Nd7 10. c4 Ne7 11. Nc3 dxc4 12. d5 exd5 13. Nxd5 Nxd5 14. Qxd5 Be7 15. Ng5
Bxg5 16. Bxg4 Bxc1 17. Raxc1 Qe7 18. Qxb7 Rd8 19. f4 Nb8 20. Qxe7+ Kxe7 21. Rxc4
h5 22. Bh3 Rd5 23. Rfc1 Rhd8 24. Rxc5 Rxc5 25. Rxc5 Rd1+ 26. Kf2 Rd2+ 27. Ke3
Rxb2 28. Rc7+ Ke8 29. Kd4 Rb5 30. g3 g6 31. Bg2 Kf8 32. Rb7 Rxb7 33. Bxb7 Ke7
34. Kc5 Kd8 35. Kb6 Nd7+ 36. Kxa6 Kc7 37. Bf3 Nc5+ 38. Ka7 Nb3 39. Ka6 Nd4 40.
Be4 Nb3 41. Kb5 Nd4+ 42. Kc4 Ne6 43. a6 Kb6 44. Bd5 Nd8 45. Bb7 Ne6 46. Kd5 Nc5
47. Kd6 1-0

[Event "Titled Tue 10th Jun Late"]
[Site "chess.com INT"]
[Date "2025.06.10"]
[Round "6"]
[White "Sivakumar, Shaashwath"]
[Black "Stojanovski, Sandi"]
[Result "0-1"]
[WhiteTitle "FM"]
[BlackTitle "FM"]
[WhiteElo "2216"]
[BlackElo "2169"]
[WhiteFideId "30912156"]
[BlackFideId "1403249"]
[EventDate "2025.06.10"]

1. d4 d6 2. e4 Nf6 3. Nc3 g6 4. Nf3 Bg7 5. Be3 O-O 6. Qd2 Bg4 7. O-O-O Nc6 8. h4
e5 9. d5 Bxf3 10. gxf3 Nd4 11. f4 Nf3 12. Qd3 exf4 13. Bxf4 Ne5 14. Qh3 Nh5 15.
Be3 Qf6 16. Bg5 Qf3 17. Be2 Qxh3 18. Rxh3 Nf6 19. h5 a6 20. hxg6 hxg6 21. Rdh1
Rae8 22. f4 Ned7 23. Bf3 Nc5 24. Re1 c6 25. b4 Ncd7 26. dxc6 bxc6 27. Rd1 d5 28.
e5 Nh7 29. Bh6 Bxh6 30. Rxh6 Kg7 31. Rdh1 Rh8 32. a4 Ndf8 33. b5 d4 34. Ne4 cxb5
35. Nd6 Re6 36. Bd5 Re7 37. f5 f6 38. fxg6 Nxg6 39. exf6+ Kxf6 40. Ne4+ Ke5 41.
Ng5 Kxd5 42. Nxh7 Kc4 43. Nf6 Rxh6 44. Rxh6 Ne5 45. Ne4 Nc6 46. Nd6+ Kb4 47. Nc8
Kxa4 0-1

[Event "Titled Tue 10th Jun Late"]
[Site "chess.com INT"]
[Date "2025.06.10"]
[Round "6"]
[White "Aranda, Juan Manuel"]
[Black "Aung Thant Zin"]
[Result "1-0"]
[WhiteTitle "CM"]
[BlackTitle "FM"]
[WhiteElo "2134"]
[BlackElo "2268"]
[WhiteFideId "160458"]
[BlackFideId "13000063"]
[EventDate "2025.06.10"]

1. Nf3 d5 2. g3 e6 3. Bg2 c5 4. O-O Nc6 5. d3 Nf6 6. Nbd2 Be7 7. e4 O-O 8. e5
Nd7 9. Re1 Qc7 10. Qe2 b6 11. h4 Bb7 12. Nf1 Rae8 13. c3 d4 14. c4 f5 15. a3 a6
16. Bf4 b5 17. b3 Ba8 18. Rec1 bxc4 19. bxc4 Rb8 20. Rcb1 Qa5 21. Bd2 Qa4 22.
Bg5 h6 23. Bxe7 Nxe7 24. Qa2 Bxf3 25. Bxf3 Nxe5 26. Be2 Qc6 27. Nd2 f4 28. Rxb8
Rxb8 29. gxf4 N5g6 30. Ne4 Nxf4 31. Bf1 Nf5 32. Rb1 Rf8 33. Qb2 Nxh4 34. Qb7
Qxb7 35. Rxb7 Nf3+ 36. Kh1 Ne1 37. Rb6 Rf5 38. Ng3 Rf6 39. Rxa6 Nfxd3 40. Bxd3
Nxd3 41. Rc6 Nxf2+ 42. Kg2 Nd3 43. a4 Rf2+ 44. Kg1 e5 45. Ne4 Ra2 46. Nxc5 Nxc5
47. Rxc5 Rxa4 48. Rxe5 Rxc4 49. Kf2 Kf7 50. Rd5 Kf6 51. Kf3 Rc2 52. Ke4 Rf2 53.
Rxd4 Rf4+ 54. Kxf4 1-0

[Event "Titled Tue 10th Jun Late"]
[Site "chess.com INT"]
[Date "2025.06.10"]
[Round "6"]
[White "Haszon, David"]
[Black "Craciun, Sasha-Matei"]
[Result "0-1"]
[WhiteTitle "FM"]
[BlackTitle "FM"]
[WhiteElo "2264"]
[BlackElo "2320"]
[WhiteFideId "733610"]
[BlackFideId "1281186"]
[EventDate "2025.06.10"]

1. e4 e5 2. Nf3 Nc6 3. Bb5 a6 4. Ba4 Nf6 5. O-O Be7 6. d4 exd4 7. Re1 b5 8. e5
Nd5 9. c4 dxc3 10. Qxd5 bxa4 11. Nxc3 O-O 12. Nxa4 Rb8 13. b3 h6 14. Bb2 Nb4 15.
Qe4 Bb7 16. Qg4 Nd3 17. e6 Nxb2 18. exf7+ Rxf7 19. Nxb2 Bxf3 20. gxf3 Bf6 21.
Re2 Rb5 22. Kf1 Bxb2 23. Rxb2 Qf6 24. Rab1 Rf5 25. Re2 Rxf3 26. Rbb2 Rf4 27. Qg3
Qf5 28. Rbc2 c6 29. a3 Kh7 30. b4 Rf3 31. Qg2 Rxa3 32. Qe4 Qxe4 33. Rxe4 Raf3
34. Rd4 R3f4 35. Rcc4 Rxf2+ 36. Kg1 Rb2 37. Rc3 Re7 38. Rc1 Ree2 39. h4 d5 40.
Kf1 Rh2 41. Kg1 Rbg2+ 42. Kf1 Rh1+ 43. Kxg2 Rxc1 44. Kf3 Rc4 45. Rd2 Rxb4 46.
Rc2 Rxh4 47. Rxc6 Ra4 48. Rd6 d4 49. Ke4 h5 50. Kf5 Ra5+ 51. Kf4 Rb5 52. Rxd4 a5
53. Rd7 Kh6 54. Ra7 Rb4+ 55. Kg3 a4 56. Kh3 Rb3+ 57. Kg2 a3 58. Ra5 h4 59. Kh2
g5 60. Kg2 Kh5 61. Kh2 Rb2+ 62. Kh3 Rb3+ 63. Kh2 Kg4 64. Ra4+ Kf5 65. Ra5+ Kf4
66. Ra4+ Ke3 67. Kh3 Kd2+ 68. Kg4 Rg3+ 69. Kh5 Kc2 70. Rxa3 Rxa3 0-1

[Event "Titled Tue 10th Jun Late"]
[Site "chess.com INT"]
[Date "2025.06.10"]
[Round "6"]
[White "Baches Garcia, Guillermo"]
[Black "Varela La Madrid, Maria"]
[Result "1-0"]
[WhiteTitle "IM"]
[BlackTitle "WFM"]
[WhiteElo "2305"]
[BlackElo "1981"]
[WhiteFideId "2209764"]
[BlackFideId "3903346"]
[EventDate "2025.06.10"]

1. Nf3 d5 2. d4 Nf6 3. c4 e6 4. g3 Be7 5. Bg2 O-O 6. O-O b6 7. cxd5 exd5 8. Nc3
Bb7 9. Bf4 c5 10. Rc1 Nbd7 11. Re1 Rc8 12. h4 Re8 13. Ne5 cxd4 14. Nxd7 dxc3 15.
Nxf6+ Bxf6 16. bxc3 Rxc3 17. Qd2 Rxc1 18. Rxc1 Ba6 19. e3 d4 20. exd4 Qxd4 21.
Rc7 Qxd2 22. Bxd2 Re7 23. Rc1 Re2 24. Be3 Rxa2 25. Rc7 Ra1+ 26. Kh2 Kf8 27. Rxa7
Bc4 28. Bxb6 Rxa7 29. Bxa7 Ke7 30. Bc5+ Ke6 31. Be4 g6 32. Be3 Bc3 33. g4 f5 34.
gxf5+ gxf5 35. Bc2 Be5+ 36. Kg2 Bd5+ 37. f3 Bf6 38. Bf2 Bc4 39. Bg3 Be5 40. Bf2
Bf6 41. Be1 Bd5 42. Kg3 Be5+ 43. f4 Bd4 44. Bd3 Be3 45. h5 Bd4 46. Bd2 Kf6 47.
Bc1 Bf7 48. Be2 Be8 49. Ba3 Bc3 50. Bf8 Bc6 51. Bh6 Bd2 52. Bg5+ Kf7 53. Bd3 Be4
54. Bc4+ Kg7 55. h6+ Kg6 56. Bb5 Bb4 57. Be8# 1-0